Writing for print and digital media / (Record no. 11635)

000 -LEADER
fixed length control field 00528cam a2200181 a 4500
020 ## - INTERNATIONAL STANDARD BOOK NUMBER
ISBN 0072867353 (alk. paper)
040 ## - CATALOGING SOURCE
Transcribing agency DLC
082 00 - DEWEY DECIMAL CLASSIFICATION NUMBER
Classification number 808 HIL 2005 A092 Or.
100 1# - MAIN ENTRY--AUTHOR NAME
Personal name Ryan, Michael,
245 10 - TITLE STATEMENT
Title Writing for print and digital media /
260 ## - PUBLICATION, DISTRIBUTION, ETC. (IMPRINT)
Place of publication Boston :
Name of publisher McGraw-Hill,
Year of publication 2005.
300 ## - PHYSICAL DESCRIPTION
Number of Pages xxv, 468, [83] p. :
Other physical details ill. ;
Dimensions 24 cm.
650 #0 - SUBJECT ADDED ENTRY--TOPICAL TERM
Topical Term Journalism
650 #0 - SUBJECT ADDED ENTRY--TOPICAL TERM
Topical Term Report writing.
700 1# - ADDED ENTRY--PERSONAL NAME
Personal name Tankard, James W.
856 41 - ELECTRONIC LOCATION AND ACCESS
Uniform Resource Identifier http://www.loc.gov/catdir/enhancements/fy0702/2004058158-t.html
942 ## - ADDED ENTRY ELEMENTS (KOHA)
Koha item type សៀវភៅភាសាអង់គ្លេស
952 ## - LOCATION AND ITEM INFORMATION (KOHA)
Withdrawn status [LOCAL, KOHA] 0
Holdings
Permanent Location Date acquired Koha item type Lost status Shelving location Barcode Current Location Full call number
Library Block A2017-08-04សៀវភៅភាសាអង់គ្លេស A094A16689Library Block A808 HIL 2005 A094 Or.
មជ្ឈមណ្ឌលឯការនៃសាកលវិទ្យាល័យភូមិន្ទកសិកម្មចំការដូង

Powered by Koha